00570nam a2200205Ia 450000500170000000800410001702000150005808200170007310000200009024500350011026000390014530000160018465000140020065000130021465000100022765000080023794200060024595200980025199900150034920240820023647.0240331s9999 xx 000 0 und d a8170900816 bAROa494.811 aArokianathan, S 0aSeminar papers on Dialectology aTamil NadubTamil Universityc1987 av, 195 p ., aSociology aReligion aCaste aSex cL 001040708LaWERCLbWERCLcSSCd2024-03-31l0o 494.811 AROp596r2024-03-31w2024-03-31yL c3017d3017